000 00809nmc a2200289 a 4500
003 AR-BaBNM
005 20251128210314.0
008 109119s1967 ||||||||||||||000 | spa||
040 _cAR-BaBNM
100 1 _aAgulla, Juan Carlos
245 1 0 _aSociologia de la educacion
250 _a1ª ed.
260 _aBuenos Aires
_bPaidós
_c1967
300 0 _a212 p.
490 0 _aBiblioteca del educador contemporáneo
_vv. 81
504 _aContiene bibliografía p. 209-212
600 1 4 _aDurkheim, Emile
_d1858-1917
650 4 _aSOCIOLOGIA DE LA EDUCACION
650 4 _aPEDAGOGIA
650 4 _aSOCIOLOGIA
650 4 _aSIGLO DIECINUEVE
650 4 _aSIGLO VEINTE
800 1 _aRomero Brest, Gilda Lamarque de
_edirector
800 1 _aBernstein, Jaime
_edirector
942 _cBK
998 _cRaquel
999 _c14880
_d14880